000 00409nam a2200181Ia 4500
001 4287
005 20260306145744.0
008 260306t2009||||xx |||||||||||||| ||spa||
041 _aESP
082 _a320.15
_bS724
100 _aSchmitt, Carl
_eAUT
245 0 _aTeología política
260 _c2009
300 _a180 páginas :
_c23 cm.
650 _aGEN
654 _aCDE
942 _cLIB
_dJUS
_fJUS
_2ddc
_n
999 _c4287
_d4287